| 000 | 00907nam a22002177a 4500 | ||
|---|---|---|---|
| 999 |
_c34078 _d34078 |
||
| 003 | OSt | ||
| 005 | 20230705153039.0 | ||
| 008 | 150408b2023 slv spa | ||
| 040 | _cBMC | ||
| 082 | _a630.7284 | ||
| 100 | 1 |
_947428 _aSalazar Sandoval, Luis Mario |
|
| 245 | 1 | 0 |
_aPasantía realizada en Agroservicio El Chaparral _b: Informe final _cLuis Mario Salazar Sandoval |
| 260 |
_aSanta Ana _bUniversidad Católica de El Salvador _c2023 |
||
| 300 |
_a107+[3] h. _bil. col _c28 cm _e+ 1 disco compacto |
||
| 500 | _aPrecede al tít.: Universidad Católica de El Salvador, Facultad de Ingeniería y Arquitectura | ||
| 502 | _aPara optar al título de Ingeniero Agrónomo | ||
| 505 | _aPeríodo de realización: agosto 2022 a febrero 2023 | ||
| 650 | 2 | 4 |
_933273 _aAgronomía _zEl Salvador |
| 710 | 2 |
_91166 _aUniversidad Católica de El Salvador _bFacultad de Ingeniería y Arquitectura |
|
| 942 |
_2ddc _cTG |
||